<?xml version="1.0" encoding="UTF-8"?>
<collection xmlns="http://www.loc.gov/MARC21/slim">
 <record>
  <leader>00801pam a22002178a 4500</leader>
  <controlfield tag="001">00043494</controlfield>
  <controlfield tag="005">20190107080154.0</controlfield>
  <controlfield tag="008">110813s2004                  ||||||viesd</controlfield>
  <datafield tag="020" ind1="#" ind2="#">
   <subfield code="c">0</subfield>
   <subfield code="a">978 604 95 0642 0</subfield>
  </datafield>
  <datafield tag="041" ind1="0" ind2="#">
   <subfield code="a">vie</subfield>
  </datafield>
  <datafield tag="082" ind1="1" ind2="#">
   <subfield code="a">620.16</subfield>
   <subfield code="b">K310L</subfield>
  </datafield>
  <datafield tag="100" ind1="0" ind2="#">
   <subfield code="a">Nguyễn, Khắc Xương</subfield>
  </datafield>
  <datafield tag="245" ind1="0" ind2="0">
   <subfield code="c">Nguyễn Khắc Xương</subfield>
   <subfield code="a">Kim loại và hợp Kim nhẹ trong đời sống</subfield>
  </datafield>
  <datafield tag="260" ind1="#" ind2="#">
   <subfield code="a">Hà Nội</subfield>
   <subfield code="b">Bách khoa Hà Nội</subfield>
   <subfield code="c">2018</subfield>
  </datafield>
  <datafield tag="300" ind1="#" ind2="#">
   <subfield code="a">420 tr. thư mục tr. 406-407</subfield>
   <subfield code="c">21 cm.</subfield>
   <subfield code="b">Minh họa</subfield>
  </datafield>
  <datafield tag="653" ind1="#" ind2="#">
   <subfield code="a">Hợp kim nhẹ</subfield>
  </datafield>
  <datafield tag="653" ind1="#" ind2="#">
   <subfield code="a">Kim loại</subfield>
  </datafield>
  <datafield tag="653" ind1="#" ind2="#">
   <subfield code="a">Vật liệu nhẹ</subfield>
  </datafield>
  <datafield tag="852" ind1="#" ind2="#">
   <subfield code="j">KD.0025880</subfield>
   <subfield code="j">KM.0026776</subfield>
   <subfield code="j">KM.0026777</subfield>
   <subfield code="j">KM.0026778</subfield>
   <subfield code="j">KM.0026779</subfield>
  </datafield>
  <datafield tag="910" ind1="#" ind2="#">
   <subfield code="d">7/1/2019</subfield>
  </datafield>
  <datafield tag="980" ind1="#" ind2="#">
   <subfield code="a">Trung tâm Học liệu Lê Vũ Hùng, Trường Đại học Đồng Tháp</subfield>
  </datafield>
 </record>
</collection>
